000 00511nam a2200181Ia 4500
005 20250326124204.0
008 250326s9999 xx 000 0 und d
037 _aTextbook
040 _aFMSL
_beng
_cFMSL
041 _aeng
_2eng
084 _aX:51 K7;4
_qFMSL
100 _aIvens M
_9736940
245 0 _aCase studies in marketing, fice and control
_cIvens M; Broadway F
260 _aLondon
_bLondon, Business
_c1967
300 _a314p
942 _cTB
_hX:51 K7;4
999 _c1272649
_d1272649